00337nam a22001337a 4500020001800000040000900018082001800027100002300045110001900068245003000087250001600117260004000133650003000173 a9780470576649 cNust a621.3824bSTU aWarren L. Stutzman aGary A. Thiele aAntenna Theory and Design a3rd Edition aUSA:bJohn Wiley & Sons Inc,c2013. aAntenna Theory and Design